|
|
|
|
| LEADER |
01016nam a22002777a 4500 |
| 001 |
42564 |
| 003 |
BD-DhAAL |
| 008 |
240506t2018 onc||||| |||| 00| 0 eng d |
| 020 |
|
|
|a 9781988281476
|
| 040 |
|
|
|a BD-DhAAL
|c BD-DhAAL
|
| 082 |
|
|
|a 813.6
|
| 100 |
|
|
|a Parkin, Peter.
|9 56320
|
| 245 |
|
|
|a Skeleton /
|c Peter Parkin and Alison Darby.
|
| 264 |
|
|
|a Brockville, Ontario :
|b Sands Press,
|c 2018.
|
| 300 |
|
|
|a 320 pages ;
|c 22 cm.
|
| 541 |
|
|
|a Donated by the High Commission of Canada
|e 42564
|
| 650 |
|
|
|a Police.
|
| 650 |
|
|
|a Secrecy.
|9 56321
|
| 650 |
|
|
|a Alzheimer's disease.
|
| 650 |
|
|
|a Secrecy
|v Fiction.
|9 56322
|
| 650 |
|
|
|a Police
|v Fiction.
|
| 700 |
|
|
|a Darby, Alison.
|9 56323
|
| 852 |
|
|
|a Ayesha Abed Library
|c General Stacks
|
| 942 |
|
|
|2 ddc
|c BK
|
| 999 |
|
|
|c 46583
|d 46583
|
| 952 |
|
|
|0 0
|1 0
|2 ddc
|4 0
|6 813_600000000000000_PAR
|7 0
|9 75412
|a BRACUL
|b BRACUL
|c GEN
|d 2024-05-06
|e Donated by the High Commission of Canada
|g 1971.00
|l 4
|m 16
|o 813.6 PAR
|p 3010042564
|q 2026-05-21
|r 2026-05-14
|s 2026-05-14
|t 1
|w 2024-05-06
|y BK
|x USD 17.99
|